Open Data Biblioteca Nacional de Portugal


República Portuguesa: Ministério da Cultura
Biblioteca Nacional de Portugal

Catálogo da BNP: acesso por Identificadores Unívocos
Registos Bibliográficos associados ao registo de autoridade

Etiqueta de registo: 00269nam 2200145 450
001 1648922
003 http://id.bnportugal.gov.pt/bib/catbnp/1648922
100 ## $a20070604d1821 m y0pory01030103ba
101 1# $aita $apor
102 ## $aPT
105 ## $ay z 000iy
106 ## $ar
200 1# $aMandane, Rainha da Persia$edrama serio em 2 actos
210 #9 $aLisboa$cNa Typografia de Bulhões,$d1821
215 ## $a89 p.$d15 cm
300 ## $aNa folha de rosto: 'Para se representar no Real Theatro de S. Carlos, na noite do dia 4 de Novembro, por ser o anniversario do mesmo theatro.'
300 ## $aPersonagens: Mandane, Arbace, Arpalice, Megabise, Idaspe, Barsene
305 ## $aEd. bilingue em italiano e português
307 ## $aAssin.: A-E//8, F//5
317 ## $aTeatro de São Carlos$5PTBN: T.S.C. 882 P.,T.S.C. 1527//2 P.,T.S.C. 1531//9 P.
500 10 $aMandane, regina della Persia.$nLibreto
601 02 $aTeatro de São Carlos$j[Libretos]$2SIPOR$31264404
606 ## $aÓperas$j[Libretos]$2SIPOR$31158641
620 ## $dLisboa
675 ## $a78.089.1$vBN$zpor$3506605
675 ## $a82-293$vBN$zpor$3488282
700 #1 $aRomanelli,$bLuigi,$f1751-1839$3957424
701 #1 $aCoccia,$bCarlo,$f1782-1873$4230$3957474
712 02 $aTipografia de Bulhões$c(Lisboa)$4610$31272108
712 01 $aPortugal.$bTeatro Nacional de São Carlos 39 $4390$31996634
712 01 $aPortugal.$bInstituto Português do Património Cultural.$bDepartamento de Musicologia$4390$3285717
801 #0 $aPT$bBN$gRPC
856 40 $2Cópia digital disponível na Library of Congress$uhttps://www.loc.gov/item/2010660095/
966 ## $lBN$mMUSICA$sM. 1179 P.
966 ## $lBN$mMUSICA$sM. 2958 P.
966 ## $lBN$mMUSICA$sT.S.C. 882 P. $x6
966 ## $lBN$mMUSICA$sT.S.C. 1527//2 P. $x6
966 ## $lBN$mMUSICA$sT.S.C. 1531//9 P. $x6
976 ## $d20260422$rmemarques
997 ## $aBIBEOD

OpendataBNP@bnportugal.pt | Mais informação sobre acesso aos dados BNP